Statistics for Countries recognize Taiwan

Click here to take the quiz!

General Stats

  • This quiz has been taken 24 times
    (17 since last reset)
  • The average score is 8 of 12

Answer Stats

ContinentAnswer% Correct
North AmericaBelize
81%
EuropeVatican City
81%
North AmericaGuatemala
75%
OceaniaPalau
75%
North AmericaSt.Kitts and Nevis
75%
North AmericaSaint Lucia
69%
North AmericaHaiti
63%
South AmericaParaguay
63%
North AmericaSt.Vincent and the Grenadines
63%
OceaniaTuvalu
56%
AfricaEswatini
44%
OceaniaMarshall Islands
44%

Score Distribution

Percentile by Number Answered

Percent of People with Each Score

Your Score History

You have not taken this quiz since the last reset